Southville International School and Colleges
Your cart is empty.
  • Cart
  • Lists
    Public lists Eva Luna New books Lux_list list_1
    Your lists Log in to create your own lists
  • Log in to your account
  • Your cookies
  • Search history
Southville International School and Colleges
  • Advanced search
  • Recent comments
  • Most popular
  • Libraries

Log in to your account

Log in with GOOGLE


If you do not have an external account, but do have a local account, you can still log in:

  1. Home
  2. MARC view: Bright, Catholic--and Gay
Normal view MARC view ISBD view

Bright, Catholic--and Gay (Record no. 15636)

[ view plain ]
MARC details
000 -LEADER
fixed length control field 00884nam a22003137a 4500
001 - CONTROL NUMBER
control field 17225457
003 - CONTROL NUMBER IDENTIFIER
control field OSt
005 - DATE AND TIME OF LATEST TRANSACTION
control field 20140310182745.0
008 - FIXED-LENGTH DATA ELEMENTS--GENERAL INFORMATION
fixed length control field 120325s2011 ph 000 0 eng
010 ## - LIBRARY OF CONGRESS CONTROL NUMBER
LC control number 2012325115
020 ## - INTERNATIONAL STANDARD BOOK NUMBER
International Standard Book Number 9789712726095
040 ## - CATALOGING SOURCE
Original cataloging agency DLC
Transcribing agency DLC
041 0# - LANGUAGE CODE
Language code of text/sound track or separate title eng
-- tgl
042 ## - AUTHENTICATION CODE
Authentication code lcode
050 00 - LIBRARY OF CONGRESS CALL NUMBER
Classification number HQ 76.3
Item number .R389 2011
082 ## - DEWEY DECIMAL CLASSIFICATION NUMBER
Classification number FIL 895
Item number R389 2011
100 1# - MAIN ENTRY--PERSONAL NAME
Personal name Remoto, Danton,
Dates associated with a name 1963-
245 10 - TITLE STATEMENT
Title Bright, Catholic--and Gay
Statement of responsibility, etc Remoto, Danton
260 ## - PUBLICATION, DISTRIBUTION, ETC. (IMPRINT)
Place of publication, distribution, etc Manila
Name of publisher, distributor, etc Published and exclusively distributed by Anvil Pub.
Date of publication, distribution, etc c2011
300 ## - PHYSICAL DESCRIPTION
Extent 104 p.
Dimensions 18 cm.
521 ## - TARGET AUDIENCE NOTE
Target audience note
526 ## - STUDY PROGRAM INFORMATION NOTE
Reading level 1210L to 1700L
541 ## - IMMEDIATE SOURCE OF ACQUISITION NOTE
-- 1
546 ## - LANGUAGE NOTE
Language note In English, with some text in Tagalog.
562 ## - COPY AND VERSION IDENTIFICATION NOTE
Number of copies 1
906 ## - LOCAL DATA ELEMENT F, LDF (RLIN)
a 7
b cbc
c origode
d 4
e ncip
f 20
g y-gencatlg
942 ## - ADDED ENTRY ELEMENTS (KOHA)
Source of classification or shelving scheme Library of Congress Classification
Koha item type
Call number prefix Filipininana
Holdings
Withdrawn status Lost status Source of classification or shelving scheme Damaged status Home library Current library Shelving location Date acquired Total Checkouts Full call number Barcode Date last seen Copy number Price effective from Koha item type
    Library of Congress Classification   College Library College Library Filipiniana Section 06/07/2012   HQ 76.3 .R389 2011 c14708 05/08/2018 1 06/07/2012 Books

Bright, Catholic--and Gay

APA

Remoto D., . (2011). Bright, Catholic--and Gay. Manila: Published and exclusively distributed by Anvil Pub.

Chicago

Remoto Danton, . 2011. Bright, Catholic--and Gay. Manila: Published and exclusively distributed by Anvil Pub.

Harvard

Remoto D., . (2011). Bright, Catholic--and Gay. Manila: Published and exclusively distributed by Anvil Pub.

MLA

Remoto Danton, . Bright, Catholic--and Gay. Manila: Published and exclusively distributed by Anvil Pub. 2011.

  • Place hold
  • Print
  • Cite
  • Add to your cart (remove)
  • Save record
    BIBTEX Dublin Core MARCXML MARC (non-Unicode/MARC-8) MARC (Unicode/UTF-8) MARC (Unicode/UTF-8, Standard) MODS (XML) RIS
  • More searches
    Search for this title in:
    Other Libraries (WorldCat) Other Databases (Google Scholar) Online Stores (Bookfinder.com) Open Library (openlibrary.org)

Exporting to Dublin Core...

SOUTHVILLE LIBRARY

Southville International School and Colleges Library

1281 Tropical Ave. Cor. Luxembourg St., BF Homes International, Las Pinas City

Tel. No. 8256374 / 252358 Loc. 117/146

Powered by Koha